| 000 | 00766nam a2200253Ia 4500 | ||
|---|---|---|---|
| 003 | OSt | ||
| 005 | 20220927110348.0 | ||
| 006 | a|||||r|||| 00| 0 | ||
| 007 | ta | ||
| 008 | 220926b |||||||| |||| 00| 0 eng d | ||
| 024 | _a58851 | ||
| 037 | _cReports | ||
| 040 |
_aRTL _cRTL _beng |
||
| 041 |
_2eng _aeng |
||
| 082 | _aX:97.27.N6t | ||
| 110 |
_a"India, labour (National Commission on--)" _9376699 |
||
| 111 |
_aIndustrial Relations (Study Group on--) (eastern region) (Chairman : P N Krishna Pillai) _9376700 |
||
| 245 | 0 | _aReport | |
| 300 |
_a40p. _ccm. |
||
| 650 |
_aIndustrial Relations _9376701 |
||
| 700 |
_a"India, labour (National Commission on--)" _9376702 |
||
| 942 |
_hX:97.27.N6t _cCC |
||
| 999 |
_c695825 _d695825 |
||